| 000 | 00000nam 2200000za 4500 |
| 001 | 9.812713 |
| 003 | CaOODSP |
| 005 | 20221107141358 |
| 007 | cr ||||||||||| |
| 008 | 160811s2015 onc oz f000 0 fre d |
| 020 | |a978-0-660-02343-4 |
| 040 | |aCaOODSP|bfre |
| 041 | |afre|aeng |
| 043 | |an-cn--- |
| 086 | 1 |aFR4-2015/1-PDF |
| 245 | 00|aIndex - recueil des traités du Canada (RTC) |h[ressource électronique] : |btraités bilatéraux - 2015, traités multilatéraux - 2015 = Index - Canada treaty series (CTS) : bilateral treaties - 2015, multilateral treaties - 2015. |
| 246 | 31|aIndex - Canada treaty series (CTS) : |bbilateral treaties - 2015, multilateral treaties - 2015 |
| 246 | 35|aIndex - Canada treaty series (CTS) : |bbilateral treaties - 2015, multilateral treaties - 2015 = Index - recueil des traités du Canada (RTC) : bilateral treaties - 2015, multilateral treaties - 2015 |
| 260 | |a[Ottawa] : |bAffaires étrangères, commerce et développement Canada, |cc2015. |
| 300 | |a[16] p. (en pagination multiple) |
| 490 | 1 |aRecueil des traités = Treaty series ; |v2015/1 |
| 546 | |aTexte en français et en anglais. |
| 692 | 07|2gccst|aAccord international |
| 692 | 07|2gccst|aAccord multilatéral |
| 692 | 07|2gccst|aIndex |
| 710 | 1 |aCanada.|bAffaires étrangères, Commerce et Développement Canada. |
| 791 | |tIndex - Canada treaty series (CTS) |eeng|w(CaOODSP)9.812712 |
| 830 | #0|aRecueil des traités = Treaty series ;|v2015/1|w(CaOODSP)9.811738 |
| 856 | 40|qPDF|s378 Ko|uhttps://publications.gc.ca/collections/collection_2016/amc-gac/FR4-2015-1.pdf |